000 00958nam a2200229Ia 4500
003 Ost
005 20260507074948.0
008 260507s9999||||xx |||||||||||||| ||und||
020 _a9774220110
040 _cfsecg
041 _aara
082 _a658.5
100 _aالنجار، فريد
_eمؤلف
245 0 _aادارة الجودة الشاملة والانتاجية والتخطيط التكنولوجي للتميز والريادة والتفوق /
_c فريد النجار
260 _aالاسكندرية:
_bالدار الجامعية,
_c2007
300 _a524 صفحة؛
_bإيضاحات ؛
_c25 سم
504 _aببلوغرافيا:ص.522-524
520 _aالإنتاجية والتقدم،منظومات الجودة والتميز وفعاليات التقدم،التمييز والتقدم والتطوير المستمر
653 _aإدارة الإنتاج
653 _aجودة الإنتاج
942 _cكتاب
999 _c41970
_d41970